Iconographie religieuse 2 - Statistiques

Statistiques générales
  • Ce quiz a été pris 41 fois
  • Le résultat moyen est 8 sur 20
Statistiques - réponses
Par images Réponse % Correct
La cène
79%
La Résurrection
68%
Le massacre des innocents
63%
Le déluge
53%
Baptême du christ
47%
Saint Pierre
47%
Judith et Holopherne
42%
Abel et Cain
37%
Ecce Homo
37%
La Circoncision
37%
La flagellation du christ
37%
La Pietà
37%
Naissance de la vierge
37%
Couronnement de la vierge
32%
Marie Madeleine
26%
Adoration des rois mages
21%
David et Bethsabée
21%
Histoire de joseph
16%
La toile de Véronique
16%
La rencontre d'Anne et Joachim
11%
Aucun quiz correspondant
Distribution des résultats
% des personnes avec chaque résultat
Percentile par nombre de réponses
Votre historique - résultats
Vous n’avez pas pris ce quiz